Premier League Appearances by Nationality: Nigeria - Statistics

General Stats
  • This quiz has been taken 11 times
  • The average score is 4 of 10
Answer Stats
Appearances Player % Correct
273 Nwankwo Kanu
80%
320 Alex Iwobi
70%
249 John Obi Mikel
70%
252 Yakubu
70%
220 Wilfried Ndidi
50%
228 Joseph Yobo
20%
196 Kelechi Iheanacho
20%
220 Victor Moses
20%
298 Shola Ameobi
0%
204 Victor Anichebe
0%
No matching quizzes found
Score Distribution
Percent of People with Each Score
Percentile by Number Answered
Your Score History
You have not taken this quiz